Statistics for Guess the flag#4

Click here to take the quiz!

General Stats

  • This quiz has been taken 15 times
  • The average score is 13 of 16

Answer Stats

Answer% Correct
Finland
100%
Greece
100%
Norway
100%
Spain
100%
Sweden
100%
Belgium
93%
Saudi arabia
93%
Uruguay
93%
Iran
87%
Qatar
87%
Bosnia
80%
Iraq
80%
Syria
73%
Mongolia
67%
Lesotho
53%
Suriname
40%

Score Distribution

Percentile by Number Answered

Percent of People with Each Score

Your Score History

You have not taken this quiz